00728 a2200205 450000500170000001000130001702000230003003500130005303700160006608200150008224500890009726000280018627000140021430000370022870000310026570000270029694200340032399900190035795201460037620240502153901.0 aB-758843 a8190094866c500.00 aB-758843 bGift/Unesco a331.310954 aComing Grips with Rural Child Work/bEdited by- Nira Ramchandran [and] Lionel Massun aNew DelhibI.H.D.c2002 aNew Delhi axiv, 468 p.;c24cm. (Hb)bIndex aRamchandran , Nira 965482 aMassun, Lionel 965503 adplcEN2ddch331.310954mCOM c202572d202572 001040708NFICaCJbCJd2024-05-02eGift/29.4.24g500.00l0o331.310954 COMpB-758843r2024-05-02 00:00:00t1v500.00w2024-05-02yENzGift